000 00575nam a22001577a 4500
999 _c520251
_d520251
020 _a9780316067607
082 _aA99 L978l
100 _aLuttrell, Marcus
_932368
245 _aLone survivor: the eyewitness account of operation redwing and the lost heroes of Seal team 10
_cby Marcus Luttrell and Patrick Robinson
260 _aNew York
_bBack Bay Books
_c2007
300 _a392p.
650 _aLuttrell, Marcus
_932368
650 _aUnited States - Navy - SEALs - Officers
_932369
650 _aAfghan war, 2000-2001 - Compaigns
_932370
700 _aRobinson, Patrick
_932371